000 00411 a2200169 4500
001 190160
020 _a978-85-7526-039-5
040 _cMagnum
100 _aKuhlthau, Carol
240 1 0 _aComo usar a biblioteca na escola
_lpor
245 1 0 _aComo usar a biblioteca na escola
300 _a303
362 0 _a2009
440 1 _aAutêntica
697 _aEDUCAÇÃO EM GERAL E DISCIPLINAS AFINS
942 _cBK
999 _c190160
_d190160